OLT handbook

Bibliographic Details
Main Author: McClain, Gary
Format: Book
Published: New Yorkk : McGraw-Hill , 1993
Series:System designs & implementation series
Subjects:

MARC

LEADER 00000cam a2200000 7i4500
001 0000002904
002 000003142
005 .0
020 |a 0070449856 
090 0 0 |a 004.33   |b MCC 
100 1 |a McClain, Gary 
245 1 0 |a OLT handbook   |c edited by Gary McClain 
260 |a New Yorkk :   |b McGraw-Hill ,   |c 1993 
300 |a 335p. ;   |c 23 cm. 
490 0 |a System designs & implementation series 
650 0 0 |a Databases   |x Management   |x Handbook, manuals, etc 
650 0 0 |a On-line transaction 
999 |a 035586   |b BUKU   |c PINJAMAN   |e PERPUSTAKAAN KOMUNITI PETALING JAYA